Pasportizácia ruín : monografia k realizácii stavebných výskumov zrúcanín

Salvato in:
Dettagli Bibliografici
Autori principali: Hrčka, Michal (Autore), Kohút, Vladimír (Autore), Staník, Ivan (Autore), Závacký, Jozef (Autore), Makýš, Oto, 1962- (Autore)
Altri autori: Gregorová, Jana, 1959- (Revisore), Glos, Peter (Revisore), Šimkovic, Michal (Revisore)
Natura: Libro
Lingua:slovacco
Pubblicazione: Pezinok : Renesans, 2018
Edizione:1. vyd.
Soggetti:
Tags: Aggiungi Tag
Nessun Tag, puoi essere il primo ad aggiungerne!!

MARC

LEADER 00000nam a22000003a 4500
001 0071668
003 SK-STU
005 20220228172521.0
007 ta
008 190212s -------||||||||||-|||-||----d
020 |a 978-80-89983-07-0 
035 |a biblio/103571  |2 CREPC2 
041 0 |a slo 
044 |a xo 
100 1 |4 aut  |9 15  |a Hrčka, Michal 
242 0 0 |a Condition Survey of Ruins :  |b Monograph on Realising of Condition Surveys of Ruins 
245 1 0 |a Pasportizácia ruín :  |b monografia k realizácii stavebných výskumov zrúcanín 
250 |a 1. vyd. 
260 |a Pezinok :  |b Renesans,  |c 2018 
300 |a 136 s. 
650 0 4 |a zrúcaniny 
650 0 4 |a pasportizácia 
650 0 4 |a staviteľstvo 
700 1 |4 aut  |9 1  |a Kohút, Vladimír 
700 1 |4 aut  |9 1  |a Staník, Ivan 
700 1 |4 aut  |9 1  |a Závacký, Jozef 
700 1 |4 aut  |9 82  |a Makýš, Oto,  |d 1962-  |u 010270  |r Z1  |U SvF Stavebná fakulta  |T SvF Katedra technológie stavieb  |X 832  |U V270  |Y 28  |7 A000000832 
700 1 |4 rev  |a Gregorová, Jana,  |d 1959-  |u 010310  |r Z1  |U SvF Stavebná fakulta  |T SvF Katedra architektúry  |X 420  |U V181|V310  |Y 19  |7 A000000420 
700 1 |a Glos, Peter  |4 rev 
700 1 |4 rev  |a Šimkovic, Michal 
996 |b 284V041069  |c V* 52855/O-24012  |l VVT  |s A  |a 24  |w 0071668_0001 
996 |b 284V041070  |c V* 52856/O-24013  |l VVS  |s A  |a 24  |w 0071668_0002